| 000 | 00400 a2200133 4500 | ||
|---|---|---|---|
| 001 | ART_47180 | ||
| 005 | 20260410161850.0 | ||
| 008 | 260409a | ||
| 245 | 1 | 0 | _aUna clasificación de los bancos privados argentinos |
| 100 | 1 | _aBotargues, Patricia | |
| 700 | 1 | _aBurdisso, Tamara | |
| 700 | 1 | _aD'Amato, Laura | |
| 773 | 0 |
_tEconómica _g- Año XLI, Nº 2 (oct./dic. 1995) _wREV7541 |
|
| 999 |
_c24944 _d24944 |
||